000 00495nam a2200169Ia 4500
999 _c9910
_d9910
003 OSt
005 20191223131217.0
008 190216s9999||||xx |||||||||||||| ||und||
020 _a8170407826
040 _coclc
082 _a336
_bMIT/P
100 _aMithani, D M
_9552
245 0 _aPrinciples Of Public Finance & Fiscal Policy /
_cD M Mithani
260 _bHimalaya Publishing House,
_c1993.
_aNew Delhi:P
300 _a351p
942 _cBK
_2ddc
_h336
_iMIT/P
_k336
_mMIT/P